[Event "East Lansing (MOR/4/30)"]
[Site "?"]
[Date "1993.??.??"]
[Round "?"]
[White "Vangilder, W."]
[Black "Koernke, R."]
[Result "1-0"]
[WhiteElo "1605"]
[BlackElo "1605"]
[PlyCount "65"]
[EventDate "1993.??.??"]

{4/(30)} 1. d4 d5 2. c4 e6 3. Nc3 Nf6 4. cxd5 exd5 5. Bg5 Be7 6. Qc2 O-O 7. e3
Nc6 8. a3 Ng4 9. Bxe7 Qxe7 10. Bd3 Nf6 11. Nf3 Bg4 12. Nd2 Nxd4 13. Qa4 c5 14.
h3 Bd7 15. Qd1 c4 16. Be2 Nxe2 17. Nxe2 Bf5 18. O-O Bd3 19. Re1 Ne4 20. Nxe4
dxe4 21. Nf4 Rfd8 22. Qg4 Qe5 23. Nh5 Qxb2 24. Qg5 Rd6 25. Red1 Rg6 26. Qe7 c3
27. Rab1 c2 28. Rxb2 cxd1=Q+ 29. Kh2 Qxh5 30. Rxb7 Qf5 31. Rd7 Qxf2 32. Rd8+
Rxd8 33. Qxd8# 1-0

[Event "Ann Arbor (HVA/1/18)"]
[Site "?"]
[Date "1993.??.??"]
[Round "?"]
[White "Vangilder, W."]
[Black "Hawley, T."]
[Result "0-1"]
[WhiteElo "1605"]
[BlackElo "1755"]
[PlyCount "48"]
[EventDate "1993.??.??"]

{1/(18)} 1. d4 Nf6 2. c4 e5 3. d5 Bc5 4. Nc3 d6 5. Qc2 Ng4 6. e3 f5 7. Bd2 O-O
8. Na4 Nd7 9. h3 Nxf2 10. Kxf2 f4 11. Nxc5 fxe3+ 12. Kxe3 Nxc5 13. Ke2 Bf5 14.
Qxf5 Rxf5 15. Re1 Qh4 16. Kd1 Qd4 17. Kc2 Na4 18. Bc3 Nxc3 19. bxc3 Qf2+ 20.
Kd1 Qxa2 21. Ne2 Raf8 22. Nc1 Qa4+ 23. Kd2 Rf2+ 24. Be2 Qxc4 0-1

[Event "Troy (TCC/DEU/2/10)"]
[Site "?"]
[Date "1993.??.??"]
[Round "?"]
[White "Vangilder, W."]
[Black "Coronel, R."]
[Result "1-0"]
[WhiteElo "1605"]
[BlackElo "1605"]
[PlyCount "91"]
[EventDate "1993.??.??"]

{2/(10)} 1. e4 Nc6 2. Nf3 d6 3. d4 a6 4. c4 Bg4 5. h3 Bxf3 6. gxf3 g6 7. Be3
Bg7 8. Nc3 e6 9. Qd2 h6 10. f4 Nge7 11. Be2 e5 12. fxe5 dxe5 13. d5 Nd4 14.
O-O-O c5 15. f4 Nc8 16. fxe5 Bxe5 17. Bxh6 Nd6 18. Bg5 f6 19. Bf4 Bxf4 20. Qxf4
Nxe2+ 21. Nxe2 Nxc4 22. Rd3 Qb6 23. Rb3 Qd6 24. Rf1 Rf8 25. Rxb7 Ne5 26. Qe3
Rb8 27. Qb3 Rxb7 28. Qxb7 g5 29. Kc2 Qd7 30. Qxa6 Qxh3 31. Nc3 c4 32. Qa8+ Kf7
33. Rxf6+ Kxf6 34. Qxf8+ Nf7 35. e5+ Kxe5 36. Qxf7 Qd3+ 37. Kc1 Qe3+ 38. Kd1
Qd3+ 39. Ke1 Qe3+ 40. Kf1 Qh3+ 41. Kf2 Qh2+ 42. Ke3 Qg1+ 43. Qf2 Qc1+ 44. Kf3
Qf4+ 45. Kg2 Qg4+ 46. Qg3+ 1-0

[Event "Eastpointe (EDO/4/19)"]
[Site "?"]
[Date "1993.??.??"]
[Round "?"]
[White "Vangilder, W."]
[Black "Bloch, S."]
[Result "1-0"]
[WhiteElo "1605"]
[BlackElo "1605"]
[PlyCount "55"]
[EventDate "1993.??.??"]

{4/(19)} 1. d4 f5 2. c4 Nf6 3. Nc3 a6 4. g3 g6 5. Bg2 e6 6. Bg5 Be7 7. Bh6 Bf8
8. Bxf8 Rxf8 9. e3 b5 10. Bxa8 c6 11. cxb5 axb5 12. Nxb5 cxb5 13. Qd2 Qc7 14.
Rc1 Qd8 15. Ne2 g5 16. O-O f4 17. Qc2 Rf7 18. Qxc8 Re7 19. Rc2 Nc6 20. Qxd8+
Kxd8 21. Bxc6 dxc6 22. Rxc6 Ke8 23. Rfc1 g4 24. Nxf4 Rd7 25. Rxe6+ Kd8 26. Rxf6
h6 27. Ng6 h5 28. Rf8# 1-0

[Event "Troy (TCC/DEU/3/13)"]
[Site "?"]
[Date "1993.??.??"]
[Round "?"]
[White "Vangilder, W."]
[Black "Anderson, N."]
[Result "1/2-1/2"]
[WhiteElo "1605"]
[BlackElo "1605"]
[PlyCount "84"]
[EventDate "1993.??.??"]

{3/(13)} 1. d4 d5 2. c4 c6 3. cxd5 cxd5 4. Nf3 e6 5. Nc3 Bb4 6. Qc2 Nf6 7. Bf4
O-O 8. e3 Ne4 9. Bd3 Nxc3 10. bxc3 Ba5 11. O-O g6 12. Rab1 Nc6 13. Rfc1 b6 14.
Nd2 Bb7 15. Nb3 Rc8 16. Nxa5 Nxa5 17. Qe2 Nc4 18. Qf3 Nd2 19. Qg3 Nxb1 20. Bxb1
b5 21. Bh6 Re8 22. Bg5 f6 23. Bh6 f5 24. h4 Qf6 25. Bd3 b4 26. Bb5 Bc6 27. Ba6
Rb8 28. cxb4 e5 29. dxe5 Qe6 30. a3 Rb6 31. Be2 Qxe5 32. Bf4 Qe6 33. Bg5 Qe5
34. Bf4 Qb2 35. Re1 Qc3 36. Rd1 Ba4 37. Rxd5 Qe1+ 38. Bf1 Bb5 39. h5 Qxf1+ 40.
Kh2 Bd3 41. Rd6 {[56?]} Re6 42. Rd7 Rbd6 1/2-1/2

[Event "East Lansing (MI Op/7/6)"]
[Site "?"]
[Date "1993.??.??"]
[Round "?"]
[White "Vandivier, Don"]
[Black "Ward, Tom"]
[Result "0-1"]
[WhiteElo "2065"]
[BlackElo "2185"]
[PlyCount "58"]
[EventDate "1993.??.??"]

{7/(6)} 1. e4 c5 2. Nf3 d6 3. Nc3 Nf6 4. d4 cxd4 5. Nxd4 a6 6. Bg5 e6 7. f4 Be7
8. Qf3 Qc7 9. O-O-O Nbd7 10. g4 b5 11. Bxf6 Nxf6 12. g5 Nd7 13. Bh3 Nc5 14. f5
b4 15. Nce2 e5 16. f6 exd4 17. fxe7 d3 18. Nd4 b3 19. Rdf1 Qxe7 20. axb3 dxc2
21. Rhg1 Bxh3 22. Qxh3 O-O 23. Re1 Rac8 24. Qe3 Qe5 25. Nxc2 Qe6 26. Rg3 Rfe8
27. Kb1 Nxe4 28. Nd4 Qg6 29. Ka2 f5 0-1

[Event "East Lansing (MI Op/2/21)"]
[Site "?"]
[Date "1993.??.??"]
[Round "?"]
[White "Vandivier, Don"]
[Black "Thomas, Henry"]
[Result "1-0"]
[WhiteElo "2065"]
[BlackElo "1855"]
[PlyCount "23"]
[EventDate "1993.??.??"]

{2/(21)} 1. e4 e5 2. Nf3 Nf6 3. Bc4 Nxe4 4. Nc3 Nxc3 5. dxc3 f6 6. Nh4 d6 7.
Qh5+ Kd7 8. O-O c6 9. f4 d5 10. fxe5 dxc4 11. Qf7+ Be7 12. Rd1+ 1-0

[Event "East Lansing (MI Op/4/18)"]
[Site "?"]
[Date "1993.??.??"]
[Round "?"]
[White "Vandivier, Don"]
[Black "Levadi, David"]
[Result "1-0"]
[WhiteElo "2065"]
[BlackElo "1940"]
[PlyCount "93"]
[EventDate "1993.??.??"]

{4/(18)} 1. e4 Nc6 2. Nf3 Nf6 3. e5 Nd5 4. d4 d6 5. Bc4 Nb6 6. Bxf7+ Kxf7 7.
e6+ Kg8 8. Ng5 Qe8 9. Qf3 Nd8 10. d5 h6 11. Nh3 Nxe6 12. dxe6 Bxe6 13. Nc3 c6
14. Nf4 Bf7 15. Be3 e5 16. Nh3 Nd5 17. O-O Nf6 18. Kh1 Be6 19. Qe2 Qh5 20. f3
Bxh3 21. gxh3 Be7 22. Rg1 Qf5 23. Qg2 Nh5 24. Raf1 d5 25. f4 e4 26. Bd4 Bf6 27.
Ne2 Rh7 28. c3 Bxd4 29. Nxd4 Qf7 30. f5 Re8 31. Qg6 Nf6 32. Qg3 a6 33. Ne6 Re7
34. Qb8+ Qe8 35. Qe5 Nd7 36. Qd6 Nf8 37. Nxf8 Qxf8 38. f6 Rf7 39. Qe6 g5 40. h4
Kh8 41. Rf5 Qg8 42. hxg5 hxg5 43. Rfxg5 Rxh2+ 44. Kxh2 Rh7+ 45. Qh3 Rxh3+ 46.
Kxh3 Qe6+ 47. Kg2 1-0

[Event "Gaylord (NMO/3/7)"]
[Site "?"]
[Date "1993.??.??"]
[Round "?"]
[White "Vandivier, Don"]
[Black "Jones, W."]
[Result "1-0"]
[WhiteElo "2065"]
[BlackElo "1605"]
[PlyCount "99"]
[EventDate "1993.??.??"]

{3/(7)} 1. e4 d5 2. exd5 Nf6 3. d4 e6 4. Bb5+ Bd7 5. Bxd7+ Qxd7 6. dxe6 fxe6 7.
Nf3 Bd6 8. O-O Nc6 9. Re1 O-O-O 10. c4 h5 11. Nc3 Bb4 12. a3 Bd6 13. b4 Rdf8
14. c5 Be7 15. b5 Nb8 16. Ne5 Qe8 17. Qd3 Ng4 18. Nxg4 hxg4 19. Rxe6 Qh5 20.
Rxe7 Qxh2+ 21. Kf1 Rxf2+ 22. Kxf2 Qh4+ 23. Ke2 Qxe7+ 24. Kd1 Qf7 25. Kc2 Rh2
26. Qg3 Qf5+ 27. Kb3 Rh8 28. Bf4 Rd8 29. Qe3 a5 30. Qe5 Qf7+ 31. d5 Re8 32. Qg5
c6 33. Qxg4+ Nd7 34. Rd1 Kd8 35. Bg5+ Kc7 36. Qf4+ Qxf4 37. Bxf4+ Ne5 38. d6+
Kd7 39. Re1 Nd3 40. Rxe8 Kxe8 41. Be3 cxb5 42. Nxb5 Kd7 43. Nd4 Nxc5+ 44. Kc4
Ne4 45. Nb5 Nxd6+ 46. Nxd6 Kxd6 47. Kb5 g6 48. Kxa5 Kc6 49. Kb4 b6 50. a4 1-0

[Event "Gaylord (NMO/1/2)"]
[Site "?"]
[Date "1993.??.??"]
[Round "?"]
[White "Vandivier, Don"]
[Black "Hoffman, M."]
[Result "1-0"]
[WhiteElo "2065"]
[BlackElo "1635"]
[PlyCount "111"]
[EventDate "1993.??.??"]

{1/(2)} 1. e4 e6 2. d4 d5 3. Nc3 Nf6 4. e5 Nfd7 5. Nf3 c5 6. Bb5 Nc6 7. Bxc6
bxc6 8. O-O Qc7 9. Re1 Ba6 10. Bf4 Rb8 11. Rb1 cxd4 12. Qxd4 Rb4 13. Qd2 Qb7
14. b3 c5 15. a3 Rb6 16. Na4 Rc6 17. c4 Nb6 18. Nxb6 Rxb6 19. cxd5 Qxd5 20. Qc3
Qd2 21. Qb2 c4 22. b4 c3 23. Qb3 Bc4 24. Qa4+ Bb5 25. Qxa7 Qd8 26. Red1 Qb8 27.
Qxb8+ Rxb8 28. Rdc1 c2 29. Rb2 Ba4 30. Ne1 Be7 31. Nxc2 Rc8 32. Nd4 O-O 33.
Rbb1 Rfe8 34. Rxc8 Rxc8 35. Rc1 Ra8 36. Be3 Kf8 37. Kf1 Ke8 38. Ke2 Kd7 39. Rc3
Bd8 40. Kd2 Bb6 41. Nb3 Bxe3+ 42. Kxe3 Bxb3 43. Rxb3 Rc8 44. Rd3+ Ke7 45. Kd2
Rc4 46. Rc3 Re4 47. Rc7+ Ke8 48. Rc5 Kd7 49. g3 g5 50. Kd3 Re1 51. a4 Ra1 52.
a5 g4 53. Kc4 Ra2 54. Kb5 Rxf2 55. Kb6 Rxh2 56. a6 1-0

[Event "Gaylord (NMO/5/4)"]
[Site "?"]
[Date "1993.??.??"]
[Round "?"]
[White "Vandivier, Don"]
[Black "Croel, Duane"]
[Result "1-0"]
[WhiteElo "2065"]
[BlackElo "1820"]
[PlyCount "39"]
[EventDate "1993.??.??"]

{5/(4)} 1. e4 c5 2. Nf3 d6 3. d4 cxd4 4. Nxd4 Nf6 5. Nc3 g6 6. Be3 Bg7 7. f3
O-O 8. Qd2 Nc6 9. O-O-O Bd7 10. Bc4 Rc8 11. Bb3 Ne5 12. h4 h5 13. Kb1 Nc4 14.
Qe2 Nxe3 15. Qxe3 a5 16. Nde2 b5 17. e5 Ne8 18. e6 Bxe6 19. Bxe6 Qc7 20. Bxc8
1-0

[Event "East Lansing (MOR/6/51)"]
[Site "?"]
[Date "1993.??.??"]
[Round "?"]
[White "Vandenburg, V.E."]
[Black "Stone, Rick"]
[Result "1-0"]
[WhiteElo "1605"]
[BlackElo "1605"]
[PlyCount "79"]
[EventDate "1993.??.??"]

{6/(51)} 1. b4 d5 2. Bb2 b5 3. e3 c6 4. Nf3 Be6 5. Be2 Bf5 6. O-O e6 7. d3 Bxb4
8. Bxg7 f6 9. Bxh8 h6 10. Nd4 Qe7 11. Bh5+ Kd7 12. Nxf5 exf5 13. Qf3 Qe5 14. d4
Qe7 15. Qxf5+ Kc7 16. a3 Bd6 17. Re1 Qf8 18. e4 Ne7 19. Qxf6 Nd7 20. Qxf8 Rxf8
21. Bg7 Rg8 22. Bxh6 Rh8 23. e5 Rxh6 24. exd6+ Kxd6 25. g4 Nb6 26. Nd2 Nd7 27.
f4 Rh8 28. f5 a5 29. Re6+ Kc7 30. Rxe7 Kd8 31. Rae1 Nf6 32. Nb3 Rg8 33. h3 Kc8
34. Bg6 Rh8 35. Kg2 Rd8 36. R1e6 Rf8 37. Rxc6+ Kd8 38. Ra7 Nd7 39. Rd6 Rf6 40.
Rdxd7+ 1-0

[Event "East Lansing (MOR/2/34)"]
[Site "?"]
[Date "1993.??.??"]
[Round "?"]
[White "Vandenburg, V.E."]
[Black "Phalen, Michael"]
[Result "0-1"]
[WhiteElo "1605"]
[BlackElo "1605"]
[PlyCount "74"]
[EventDate "1993.??.??"]

{2/(34)} 1. b4 e5 2. a3 d5 3. Bb2 Bd6 4. e3 Nf6 5. c4 Bg4 6. f3 Bh5 7. c5 Be7
8. Bxe5 O-O 9. Be2 Nc6 10. Bb2 d4 11. Qb3 Re8 12. Nh3 Qd7 13. Bb5 Rad8 14. O-O
dxe3 15. dxe3 Nd5 16. e4 Nf6 17. Qc3 Qe6 18. Bc4 Qd7 19. Nf2 Qd4 20. Qb3 Qd7
21. Nc3 Nd4 22. Qd1 b6 23. Nd5 Ne6 24. cxb6 axb6 25. Nxf6+ gxf6 26. Qxd7 Rxd7
27. Bb5 Rd2 28. Bxe8 Rxb2 29. Rfd1 c5 30. Rd7 Kf8 31. Rd5 Nf4 32. Nd3 Nxd3 33.
Rxh5 Kxe8 34. Rxh7 cxb4 35. axb4 Bxb4 36. Rh8+ Ke7 37. Raa8 Rb1# 0-1

[Event "Gaylord (NMO/5/2)"]
[Site "?"]
[Date "1993.??.??"]
[Round "?"]
[White "Vaka, Flamur"]
[Black "Yahkind, Alex"]
[Result "0-1"]
[WhiteElo "1710"]
[BlackElo "2040"]
[PlyCount "78"]
[EventDate "1993.??.??"]

{5/(2)} 1. e4 c5 2. Nf3 e6 3. d4 cxd4 4. Nxd4 Nf6 5. Nc3 Nc6 6. Be2 Bb4 7. Qd3
d5 8. Nxc6 bxc6 9. O-O Bxc3 10. Qxc3 Nxe4 11. Qxg7 Qf6 12. Qxf6 Nxf6 13. b3 Rg8
14. Bb2 Nd7 15. Bd3 f5 16. Rfe1 Kf7 17. Be2 a5 18. Bh5+ Ke7 19. a4 Rg5 20. Ba3+
c5 21. Bf3 Kf7 22. h4 Rg8 23. Bh5+ Kf6 24. Bc1 e5 25. Bg5+ Ke6 26. Rad1 Bb7 27.
Bf3 e4 28. Be2 Ne5 29. Bf4 Ng6 30. Bg5 h6 31. Bxh6 Nxh4 32. g3 Kf6 33. Bf4 Ng6
34. Bd6 Rac8 35. f4 Ke6 36. Be5 Nxe5 37. fxe5 Rxg3+ 38. Kf2 Rcg8 39. Rg1 e3+
0-1

[Event "Flint (Class C/1)"]
[Site "?"]
[Date "1993.??.??"]
[Round "?"]
[White "Vaka, Flamur"]
[Black "Woolery, Bob"]
[Result "1-0"]
[WhiteElo "1605"]
[BlackElo "1605"]
[PlyCount "95"]
[EventDate "1993.??.??"]

1. e4 c5 2. Nf3 d6 3. d4 cxd4 4. Nxd4 Nf6 5. Nc3 a6 6. Be2 e6 7. O-O Be7 8. Be3
Nc6 9. Qd2 O-O 10. Kh1 Qc7 11. f4 Bd7 12. Rad1 Rad8 13. Qe1 Bc8 14. Qg3 Nxd4
15. Bxd4 b5 16. Bd3 Bb7 17. e5 dxe5 18. Bxe5 Qb6 19. f5 exf5 20. Rxf5 g6 21.
Bxf6 Bxf6 22. Rdf1 Bg7 23. R5f2 Rc8 24. Qg5 Bxc3 25. bxc3 Rxc3 26. Rf6 Qc5 27.
Qh6 Qd5 28. R6f3 Qxa2 29. Rh3 Bxg2+ 30. Kxg2 Qd5+ 31. Rff3 Rfc8 32. Qxh7+ Kf8
33. Qh8+ Ke7 34. Qf6+ Kd7 35. Qxf7+ Qxf7 36. Rxf7+ Ke6 37. Rhf3 R8c5 38. R7f6+
Ke7 39. Rxa6 g5 40. Bg6 Rxf3 41. Kxf3 b4 42. Rb6 Rc4 43. Bd3 Rh4 44. Kg3 Rd4
45. Rb5 Kf6 46. Rf5+ Ke6 47. Rxg5 b3 48. Rb5 1-0

[Event "Flint (MI Jr/1)"]
[Site "?"]
[Date "1993.??.??"]
[Round "?"]
[White "Vaka, Flamur"]
[Black "Woods, I."]
[Result "1-0"]
[WhiteElo "1635"]
[BlackElo "1605"]
[PlyCount "97"]
[EventDate "1993.??.??"]

1. e4 e5 2. Nf3 Nf6 3. Nc3 Bb4 4. Bc4 Bxc3 5. dxc3 O-O 6. Bg5 Qe7 7. O-O Nc6 8.
Re1 d6 9. h3 Be6 10. Qe2 d5 11. exd5 Bxd5 12. Bxd5 Qd6 13. Bxc6 Qxc6 14. Bxf6
Qxf6 15. Qxe5 Qc6 16. Nd4 Qd7 17. Rad1 Rae8 18. Qh5 g6 19. Qf3 c5 20. Nb3 Rxe1+
21. Rxe1 c4 22. Nd4 Qa4 23. Qxb7 Qxa2 24. Qb5 a6 25. Qb4 a5 26. Qa3 Qxa3 27.
bxa3 Rb8 28. Re5 a4 29. Ra5 Rb1+ 30. Kh2 Rf1 31. f3 Ra1 32. Rxa4 Ra2 33. Ra7
Kg7 34. a4 Ra3 35. Nb5 Ra2 36. a5 Rxc2 37. a6 Ra2 38. Ra8 Ra5 39. a7 Rxb5 40.
Rb8 Rxb8 41. axb8=Q h5 42. Qe5+ f6 43. Qe7+ Kh6 44. Qxf6 h4 45. Qxh4+ Kg7 46.
g4 Kf7 47. g5 Kg8 48. Qxc4+ Kh7 49. Qc7+ 1-0

[Event "East Lansing (MI Op/1b/19)"]
[Site "?"]
[Date "1993.??.??"]
[Round "?"]
[White "Vaka, Flamur"]
[Black "Smith, Walt"]
[Result "1/2-1/2"]
[WhiteElo "1710"]
[BlackElo "1970"]
[PlyCount "79"]
[EventDate "1993.??.??"]

1. e4 c5 2. Nf3 Nc6 3. d4 cxd4 4. Nxd4 Nf6 5. Nc3 g6 6. Bc4 Qb6 7. Nf3 Bg7 8.
O-O O-O 9. Re1 d6 10. Nd5 Nxd5 11. exd5 Ne5 12. Nxe5 dxe5 13. c3 Rd8 14. Qb3
Qd6 15. Bg5 h6 16. Bh4 g5 17. Bg3 f5 18. f3 Bd7 19. Re2 b5 20. Bd3 Rab8 21.
Rae1 f4 22. Bf2 a5 23. Qc2 Rbc8 24. Bh7+ Kh8 25. Qg6 Be8 26. Qxd6 Rxd6 27. Bf5
Rc7 28. Rd2 Bd7 29. Be4 e6 30. Red1 exd5 31. Rxd5 Rxd5 32. Rxd5 b4 33. Bb6 Rb7
34. Rd6 Bf8 35. Rxh6+ Bxh6 36. Bxb7 bxc3 37. bxc3 a4 38. c4 Be6 39. Bd5 Bd7 40.
c5 {[,60?]} 1/2-1/2

[Event "Flint (MI Jr/3)"]
[Site "?"]
[Date "1993.??.??"]
[Round "?"]
[White "Vaka, Flamur"]
[Black "Mannor, Keith"]
[Result "1-0"]
[WhiteElo "1635"]
[BlackElo "1605"]
[PlyCount "69"]
[EventDate "1993.??.??"]

1. e4 e5 2. Nf3 Nc6 3. Bb5 d6 4. d4 exd4 5. Nxd4 Bd7 6. O-O Ne5 7. Bxd7+ Qxd7
8. Be3 Be7 9. Nd2 d5 10. Qh5 Bf6 11. Rad1 Ne7 12. h3 Qa4 13. f4 N5c6 14. e5
Bxe5 15. fxe5 g6 16. Qf3 Nxe5 17. Qf6 Rf8 18. Qxe5 Qxa2 19. Bg5 O-O-O 20. Bxe7
Rde8 21. Qf6 Rg8 22. Qxf7 Qxb2 23. Qxd5 Qc3 24. Rfe1 Qg3 25. N2f3 h6 26. Nb5 a6
27. Qd7+ Kb8 28. Nxc7 Qxc7 29. Bd6 Rxe1+ 30. Rxe1 Rc8 31. Bxc7+ Rxc7 32. Re8+
Rc8 33. Rxc8+ Ka7 34. Qd4+ b6 35. Qd7# 1-0

[Event "East Lansing (MI Op/7/27)"]
[Site "?"]
[Date "1993.??.??"]
[Round "?"]
[White "Vaka, Flamur"]
[Black "Kruskie, Jerry"]
[Result "1/2-1/2"]
[WhiteElo "1710"]
[BlackElo "1845"]
[PlyCount "109"]
[EventDate "1993.??.??"]

{7/(27)} 1. e4 c5 2. Nf3 Nc6 3. d4 cxd4 4. Nxd4 g6 5. Be3 Bg7 6. c3 Nf6 7. Nd2
O-O 8. Be2 d5 9. exd5 Nxd5 10. Nxc6 bxc6 11. Bg5 h6 12. Bh4 Nf4 13. O-O Nxe2+
14. Qxe2 g5 15. Bg3 Qb6 16. Ne4 Ba6 17. c4 Qxb2 18. Qxb2 Bxb2 19. Rab1 Bg7 20.
Rfc1 f5 21. Nc5 Bc8 22. Bc7 e5 23. Rd1 Re8 24. Rd6 Bf8 25. Rxc6 Bxc5 26. Rxc5
e4 27. g3 Be6 28. Rc1 Rac8 29. Bd6 Rxc5 30. Bxc5 a6 31. Bd6 Rc8 32. c5 Bd7 33.
a3 a5 34. Rb1 Kf7 35. Rb7 Ke6 36. Ra7 a4 37. Ra6 Rc6 38. Ra8 Rc8 39. Ra7 g4 40.
Kg2 h5 41. Kg1 Rc6 42. Bf8 Rc8 43. Ra6+ Bc6 44. Rb6 Rxf8 45. Rxc6+ Kd5 46. Rc7
Rb8 47. Ra7 Rb1+ 48. Kg2 Kxc5 49. Rxa4 Rb2 50. Ra5+ Kd4 51. Rxf5 e3 52. Kf1
Rb1+ 53. Ke2 Rb2+ 54. Ke1 Rb1+ 55. Ke2 1/2-1/2

[Event "Flint (Class C/3)"]
[Site "?"]
[Date "1993.??.??"]
[Round "?"]
[White "Vaka, Flamur"]
[Black "Juska, K."]
[Result "1-0"]
[WhiteElo "1605"]
[BlackElo "1605"]
[PlyCount "51"]
[EventDate "1993.??.??"]

1. e4 d5 2. exd5 Qxd5 3. Nc3 Qa5 4. d3 e5 5. Bd2 c6 6. Nf3 Bg4 7. Be2 Bxf3 8.
Bxf3 Qc7 9. O-O Bd6 10. Ne4 Nd7 11. Nxd6+ Qxd6 12. Re1 O-O-O 13. a4 f5 14. b4
Ndf6 15. Bc3 Re8 16. b5 Qc5 17. Qd2 cxb5 18. axb5 Nh6 19. Bb4 Qb6 20. Qc3+ Kb8
21. Bc5 Qc7 22. Rxa7 e4 23. Rea1 Kc8 24. Qd4 Nd7 25. Bd6 Qb6 26. Ra8+ 1-0

[Event "East Lansing (MI Op/4/25)"]
[Site "?"]
[Date "1993.??.??"]
[Round "?"]
[White "Vaka, Flamur"]
[Black "Golonka, Stan"]
[Result "0-1"]
[WhiteElo "1710"]
[BlackElo "1950"]
[PlyCount "44"]
[EventDate "1993.??.??"]

{4/(25)} 1. e4 c5 2. Nf3 Nc6 3. d4 cxd4 4. Nxd4 e5 5. Nb5 a6 6. Nd6+ Bxd6 7.
Qxd6 Qf6 8. Qc5 Qg6 9. Nc3 Nge7 10. Be3 d6 11. Qb6 O-O 12. g3 f5 13. Bd3 fxe4
14. Nxe4 Bf5 15. Qb3+ d5 16. Nc5 Bxd3 17. Nxd3 Kh8 18. Bc5 Qe4+ 19. Kd2 Na5 20.
Qb4 Nc4+ 21. Kc3 Nc6 22. Qa4 b5 0-1

[Event "Gaylord (NMO/2/6)"]
[Site "?"]
[Date "1993.??.??"]
[Round "?"]
[White "Vaka, Flamur"]
[Black "Brattin, Vincent"]
[Result "1-0"]
[WhiteElo "1710"]
[BlackElo "2015"]
[PlyCount "135"]
[EventDate "1993.??.??"]

{2/(6)} 1. e4 c6 2. d4 d5 3. Nc3 dxe4 4. Nxe4 Bf5 5. Ng3 Bg6 6. c3 e6 7. Bd3
Bd6 8. Ne4 Bc7 9. Qf3 Nd7 10. Nh3 h6 11. Nf4 Bh7 12. Nh5 g6 13. Ng7+ Ke7 14.
Qh3 Qf8 15. Bxh6 Nxh6 16. Qxh6 f6 17. Bc4 Rg8 18. Qxh7 Rxg7 19. Qh3 Qf7 20.
O-O-O Rh7 21. Bxe6 Rxh3 22. Bxf7 Rh4 23. Bxg6 Rg8 24. Bf5 Rxg2 25. Rhg1 Rhxh2
26. Rxg2 Rxg2 27. Rh1 Bf4+ 28. Kd1 Nf8 29. Re1 Kf7 30. Bc8 b6 31. Bb7 f5 32.
Nd2 Bxd2 33. Kxd2 Rxf2+ 34. Re2 Rf1 35. Bxc6 Kf6 36. Kc2 Rg1 37. Re8 Ne6 38.
Bd5 Nc7 39. Rf8+ Ke7 40. Rxf5 Nxd5 41. Rxd5 Ke6 42. Re5+ Kd6 43. Kb3 Rg2 44.
Rh5 Rg7 45. Kc4 Rc7+ 46. Kb4 Re7 47. Kc4 Rc7+ 48. Kb5 Rf7 49. b4 Rc7 50. Rh3
Kd5 51. a4 Kd6 52. a5 bxa5 53. Kxa5 Kd5 54. b5 Kc4 55. Ka6 Rd7 56. b6 axb6 57.
Kxb6 Rd6+ 58. Kc7 Rd5 59. Kc6 Rd8 60. d5 Rc8+ 61. Kd7 Rc5 62. d6 Re5 63. Kd8
Rd5 64. Ke7 Re5+ 65. Kf6 Rd5 66. Ke6 Rd2 67. d7 Re2+ 68. Kd6 1-0

[Event "Flint (MI Jr/5)"]
[Site "?"]
[Date "1993.??.??"]
[Round "?"]
[White "Vaka, Flamur"]
[Black "Borhani-Azar, C."]
[Result "1-0"]
[WhiteElo "1635"]
[BlackElo "1605"]
[PlyCount "97"]
[EventDate "1993.??.??"]

1. e4 e5 2. Nf3 Nc6 3. Bb5 a6 4. Ba4 Bc5 5. O-O d6 6. d4 b5 7. dxc5 bxa4 8.
cxd6 cxd6 9. Nc3 Nf6 10. Bg5 Bg4 11. h3 Bh5 12. Nb1 h6 13. Bh4 g5 14. Bg3 Nxe4
15. Qd5 Nxg3 16. Qxc6+ Kf8 17. fxg3 Rc8 18. Qxa6 Rxc2 19. g4 Bg6 20. Nxe5 dxe5
21. Qxg6 Qd4+ 22. Kh1 Qd5 23. Qxc2 Kg7 24. Nc3 Qb7 25. Rae1 Rb8 26. Qf5 Qa7 27.
Qxe5+ Kg8 28. Qe7 Rb7 29. Qe8+ Kg7 30. Qxa4 Qc5 31. Qe4 Rxb2 32. Qe5+ Qxe5 33.
Rxe5 Rc2 34. Re3 Rd2 35. a4 Rd6 36. a5 Ra6 37. Ra1 Kg6 38. Nb5 h5 39. gxh5+
Kxh5 40. Nc7 Ra7 41. a6 g4 42. Nb5 Rxa6 43. Rxa6 gxh3 44. Re5+ Kg4 45. Re4+ Kg3
46. gxh3 f5 47. Re3+ Kf2 48. Rb3 f4 49. Ra2+ 1-0

[Event "Flint (Class C/5)"]
[Site "?"]
[Date "1993.??.??"]
[Round "?"]
[White "Vaka, Flamur"]
[Black "Attaya, Jim"]
[Result "1-0"]
[WhiteElo "1605"]
[BlackElo "1605"]
[PlyCount "85"]
[EventDate "1993.??.??"]

1. e4 c6 2. d4 d5 3. Nd2 dxe4 4. Nxe4 Nf6 5. Ng3 h5 6. N3e2 Bf5 7. c3 Nbd7 8.
Ng3 Bg6 9. Bd3 h4 10. Bxg6 hxg3 11. Bxf7+ Kxf7 12. fxg3 Ne4 13. Qf3+ Ndf6 14.
Nh3 Qd7 15. O-O Ke8 16. Bf4 e6 17. Rae1 Qd5 18. a3 Kd7 19. Be5 Be7 20. Nf4 Raf8
21. Nxd5 cxd5 22. Qd1 Rh7 23. Qa4+ Kd8 24. Qa5+ Ke8 25. Qc7 Bd8 26. Qxb7 g5 27.
Qc6+ Kf7 28. Bxf6 Bxf6 29. Qd7+ Kg6 30. Qxe6 Re7 31. Rxf6+ Rxf6 32. Qxe7 a5 33.
Qe8+ Kg7 34. Rf1 g4 35. Qd7+ Kg6 36. Qxg4+ Ng5 37. Rxf6+ Kxf6 38. h4 Ne4 39. h5
a4 40. h6 Ng5 41. Qxg5+ Kf7 42. h7 Ke8 43. h8=Q+ 1-0

[Event "Trenton (Mar)"]
[Site "?"]
[Date "1993.??.??"]
[Round "?"]
[White "Uy, J."]
[Black "Serwatowski, Felix"]
[Result "1-0"]
[WhiteElo "1605"]
[BlackElo "1605"]
[PlyCount "99"]
[EventDate "1993.??.??"]

1. e4 e5 2. Nf3 Nc6 3. Bc4 Bc5 4. O-O Nf6 5. d3 d6 6. Bg5 O-O 7. c3 h6 8. Bh4
Re8 9. Nbd2 Be6 10. Bxe6 Rxe6 11. Nb3 Bb6 12. Re1 g5 13. Bg3 Nh5 14. d4 Rf6 15.
Qe2 Nf4 16. Bxf4 Rxf4 17. Rad1 Qf6 18. Rd3 Qg7 19. g3 Rf6 20. Kg2 Re8 21. a4 a5
22. h4 g4 23. Nh2 h5 24. Nf1 Ne7 25. Ne3 c5 26. dxe5 dxe5 27. Nc4 Re6 28. Nxb6
Rxb6 29. Nxc5 Nc8 30. Rb1 Nd6 31. b4 Qg6 32. b5 Nc8 33. Rd7 Nd6 34. Rd1 Rc8 35.
Rd5 Qf6 36. Qe3 Nc4 37. Qg5+ Qxg5 38. hxg5 Rg6 39. Nxb7 Rxg5 40. Rd8+ Rxd8 41.
Rxd8+ Kg7 42. Nd6 Nb6 43. c4 Nxa4 44. Ra8 Nc3 45. Rxa5 Rg6 46. c5 Ne2 47. b6
Nd4 48. Nf5+ Kf6 49. Nxd4 exd4 50. b7 1-0

[Event "Trenton (Mar)"]
[Site "?"]
[Date "1993.??.??"]
[Round "?"]
[White "Uy, J."]
[Black "Kane, Paul"]
[Result "1-0"]
[WhiteElo "1605"]
[BlackElo "1605"]
[PlyCount "75"]
[EventDate "1993.??.??"]

1. e4 c5 2. c3 e6 3. d4 cxd4 4. cxd4 d6 5. Nc3 Nc6 6. Nf3 Nf6 7. a3 Be7 8. Bd3
O-O 9. O-O Qb6 10. e5 Nd7 11. Re1 dxe5 12. dxe5 a6 13. Qc2 g6 14. Bh6 Rd8 15.
b4 Nd4 16. Nxd4 Qxd4 17. Rad1 Qa7 18. Kh1 b5 19. f4 Bb7 20. Ne4 Rac8 21. Qe2
Nb6 22. Nd6 Bxd6 23. exd6 Nd5 24. Qe5 f6 25. Qxe6+ Kh8 26. Qf7 Rg8 27. Be4 Qa8
28. Bxd5 Rcf8 29. Bxf8 Rxf8 30. Qxb7 Qxb7 31. Bxb7 Kg7 32. d7 g5 33. d8=Q Rxd8
34. Rxd8 gxf4 35. Re7+ Kg6 36. Rg8+ Kh6 37. Be4 f5 38. Bxf5 1-0

[Event "Flint (Class DE/5)"]
[Site "?"]
[Date "1993.??.??"]
[Round "?"]
[White "Uptegraff, D."]
[Black "Pontoni, M."]
[Result "0-1"]
[WhiteElo "1605"]
[BlackElo "1605"]
[PlyCount "26"]
[EventDate "1993.??.??"]

1. e4 e5 2. d3 Nf6 3. Nf3 Nc6 4. h3 d5 5. exd5 Nxd5 6. c4 Nf4 7. Nxe5 Nxe5 8.
Bxf4 Qe7 9. Be2 Bf5 10. O-O O-O-O 11. Bxe5 Qxe5 12. Nc3 Bd6 13. Re1 Qh2+ 0-1

[Event "Flint (Class DE/4)"]
[Site "?"]
[Date "1993.??.??"]
[Round "?"]
[White "Uptegraff, D."]
[Black "Cooper, G."]
[Result "1/2-1/2"]
[WhiteElo "1605"]
[BlackElo "1605"]
[PlyCount "157"]
[EventDate "1993.??.??"]

1. e4 e6 2. d4 c5 3. dxc5 Bxc5 4. Bd3 Nf6 5. Nf3 Nc6 6. O-O a6 7. c3 b5 8. Bf4
Bb7 9. b4 Be7 10. Nbd2 O-O 11. e5 Nd5 12. Be3 Rc8 13. Rc1 Nxe3 14. fxe3 Qb6 15.
Re1 a5 16. a3 axb4 17. axb4 Rfd8 18. Ne4 Qc7 19. Nd6 Bxd6 20. exd6 Qb6 21. Kh1
f6 22. Rc2 Ne5 23. Nxe5 fxe5 24. Qe2 Bc6 25. e4 Rb8 26. Qh5 Rdc8 27. Qxe5 Ba8
28. Qg3 e5 29. Qxe5 Rc6 30. Qg3 Rxd6 31. e5 Rc6 32. Qh3 Rh6 33. Qxd7 Rd8 34.
Qxb5 Qc7 35. Bc4+ Kh8 36. Kg1 Rc6 37. Ba2 Rxc3 38. Rxc3 Qxc3 39. Qe2 g6 40. b5
Rd2 41. e6 Rxe2 42. Rxe2 Qa1+ 43. Kf2 Qf6+ 44. Ke1 Qe7 45. b6 Bb7 46. Rd2 Qb4
47. Kd1 Qxb6 48. e7 Bc6 49. Rd8+ Kg7 50. Bd5 Ba4+ 51. Kd2 Kf6 52. e8=Q Bxe8 53.
Rxe8 Qd4+ 54. Ke2 Qxd5 55. Rf8+ Kg7 56. Rf3 Qe4+ 57. Kf2 g5 58. h3 Kg6 59. Re3
Qd4 60. Kf3 Qf6+ 61. Ke2 h5 62. Rf3 Qc6 63. Kf2 g4 64. hxg4 hxg4 65. Re3 Qc5
66. g3 Kf5 67. Ke2 Qc2+ 68. Kf1 Qd1+ 69. Kf2 Qd5 70. Ke2 Qg2+ 71. Kd3 Qf2 72.
Kd4 Qb2+ 73. Kd3 Qf2 74. Kd4 Qd2+ 75. Rd3 Qb4+ 76. Ke3 Ke5 77. Ke2 Ke4 78. Re3+
Kd4 79. Kf2 1/2-1/2